000 01612nam2a22003251 4500
001 v19\rc\1631927
005 20250618233516.0
035 _a(NLR Aleph) 004747036
090 _a4519616
_c4519616
100 _a20061002d1909 |||y0rusy50 ca
101 0 _arus
102 _aRU
105 _ay z |||||
200 1 _aПервый однопалатный сейм 1907 года и нарушение им монарших прав, общегосударственное законодательство и русская политика по отношению к финляндской окраине
210 _d1909
_aБ. м.
215 _aXIX, 308 с.
461 0 _1001v19\rc\1631912
_12001#$aФинляндия$eОбзор период. печати. Вып. [1]$vВып. 14
_94519547
_cСанкт-Петербург
_d1899-1916
_nГос. тип.
_oОбзор период. печати. Вып. [1]
_tФинляндия
_vВып. 14
532 1 1 _aПервый однопалатный сейм тысяча девятьсот седьмого года и нарушение им монарших прав, общегосударственное законодательство и русская политика по отношению к финляндской окраине
801 0 _aRU
_bNLR
_gpsbo
801 0 _aRU
_bRuMoRGB
_2psbo
801 1 _aRU
_bProSoft-M
_2rusmarc
852 _aNLR
_jС571Фин/Ф-60
899 _aRuMoRGB
_jA 282/251
899 _aБАН
899 _aНБ СПбГУ
899 _aГПИБ
899 _aНБ МГУ
942 _cBOOK
980 _aNB